000 00301 a2200109 4500
000 nam a22 7a 4500
100 _aराठी, सुमन
110 _aराठी, सुमन
245 _aटुकड़े टुकड़े स्वाद
250 _aLatest edition
942 _cBK
999 _c396524
_d396524